| 000 | 00372nam a2200145Ia 4500 | ||
|---|---|---|---|
| 008 | 230917s9999||||xx |||||||||||||| ||und|| | ||
| 040 |
_e67847 _aMAIN |
||
| 041 | _aEnglish | ||
| 082 | _a519.5 W97S | ||
| 100 | _aWyatt, Woodrow W | ||
| 245 | 0 | _aStatistics: For the behaviourial sciences | |
| 260 |
_aEnglewood _bD C Health _c1967 |
||
| 300 | _axiii, 389 p. | ||
| 942 | _cBK | ||
| 999 |
_c120088 _d120088 |
||